When the Church was Young and Bold: Acts 1-12 / (Record no. 10063)

MARC details
000 -LEADER
fixed length control field 00507nam a22001697a 4500
003 - CONTROL NUMBER IDENTIFIER
control field GBCCL
005 - DATE AND TIME OF LATEST TRANSACTION
control field 20241126110724.0
008 - FIXED-LENGTH DATA ELEMENTS--GENERAL INFORMATION
fixed length control field 240219b ||||| |||| 00| 0 eng d
040 ## - CATALOGING SOURCE
Transcribing agency gbc
082 ## - DEWEY DECIMAL CLASSIFICATION NUMBER
Classification number 226.6007
Item number HAR
100 ## - MAIN ENTRY--PERSONAL NAME
Personal name Hartog II, John.
9 (RLIN) 8069
245 ## - TITLE STATEMENT
Title When the Church was Young and Bold: Acts 1-12 /
Remainder of title John Hartog II
260 ## - PUBLICATION, DISTRIBUTION, ETC.
Place of publication, distribution, etc. Illinois:
Name of publisher, distributor, etc. Regular Baptist Press,
Date of publication, distribution, etc. 1988
300 ## - PHYSICAL DESCRIPTION
Extent 128 p.;
Other physical details ill.,
Dimensions 23 cm.
650 ## - SUBJECT ADDED ENTRY--TOPICAL TERM
Topical term or geographic name entry element Bible
Form subdivision New Testament
General subdivision Acts
-- Study
9 (RLIN) 17467
942 ## - ADDED ENTRY ELEMENTS (KOHA)
Source of classification or shelving scheme Dewey Decimal Classification
Koha item type Books
Holdings
Withdrawn status Lost status Source of classification or shelving scheme Damaged status Not for loan Home library Current Library Shelving location Date acquired Total checkouts Full call number Barcode Date last seen Copy number Price effective from Koha item type
    Dewey Decimal Classification     GRACE BIBLE COLLEGE GRACE BIBLE COLLEGE Biblical Studies 2024-02-19   226.6007 HAR 020390 2025-05-01 c.1 2024-02-19 Books
© Grace Bible College Library 2025